• 首页
  • 本馆介绍
  • 公告通知
  • 最新文献
  • 馆藏检索
  • 电子资源
  • 读者导购
  • 参考咨询
  • 我的图书馆
  • 登录
  • 详细信息显示
  • 放入我的书架
  • 预约/预借图书
  • 作者相关作品
  • 分类相关作品
  • 丛书相关作品
  • 出版社相关作品

书目信息

  • 表格格式
  • 工作单格式
  • 卡片格式
题名:
福柯
    
 
作者: 麦克尼 著 ;贾湜 译
分册:  
出版信息: 哈尔滨   黑龙江人民出版社  2002
页数: 238页
开本: 20cm
丛书名: 当代世界前沿思想家丛书
单 册:
中图分类: B565.59
科图分类:
主题词:
电子资源:
ISBN: 7-207-04225-6
000 00777nam0 2200253 45
001 0312161568
005 20031219104123.1
010    @a7-207-04225-6@dCNY17.00
100    @a20031216d2002 km y0chiy0120 ea
101 0  @achi@ceng
105    @a z 000yy
200 1  @a福柯@AFu Ke@f(英)路易丝·麦克尼著@F(Ying)Lu Yi Si·Mai Ke Ni Zhu@g贾湜译
210    @a哈尔滨@c黑龙江人民出版社@d2002
215    @a238页@d20cm
225    @a当代世界前沿思想家丛书@f姚大志主编
410    @12001 @a当代世界前沿思想家丛书
410    @1700 0@a姚大志@AYao Da Zhi@4主编
600  0 @a福柯@bJ.@x生平事迹
600  0 @a福柯@bJ.@x哲学思想@x研究
690    @aB565.59@v4
701  0 @a麦克尼@4著
702  0 @a贾湜@AJia Shi@4译
801    @aCN@bTSTC@c20031216
905    @b330263-265@dB565.59@e33@f3
    
    福柯/(英)路易丝·麦克尼著/贾湜译.-哈尔滨:黑龙江人民出版社,2002
    238页;20cm.-(当代世界前沿思想家丛书/姚大志主编)
    
    
    ISBN 7-207-04225-6:CNY17.00
    
●
相关链接 在E读中查询图书 在五车中查询图书 在当当中查询图书 在豆瓣中查询图书


正题名:福柯     索取号:B565.59/33         预约/预借

序号 登录号 条形码 馆藏地/架位号 状态 备注
1 0330263   203302639   第一借阅区/ [索取号:B565.59/33] 在馆    
2 0330264   203302648   第一借阅区/ [索取号:B565.59/33] 在馆    
3 0330265   203302657   第一样本阅览室/ [索取号:B565.59/33] 在馆    
唐山师范学院图书馆 欢迎您!
大连网信软件有限公司© 版权所有